<?xml version="1.0" encoding="UTF-8"?><?xml-stylesheet type="text/xsl" href="static/style.xsl"?><OAI-PMH xmlns="http://www.openarchives.org/OAI/2.0/" xmlns:xsi="http://www.w3.org/2001/XMLSchema-instance" xsi:schemaLocation="http://www.openarchives.org/OAI/2.0/ http://www.openarchives.org/OAI/2.0/OAI-PMH.xsd"><responseDate>2026-06-06T01:36:57Z</responseDate><request verb="GetRecord" identifier="oai:riuma.uma.es:10630/36249" metadataPrefix="marc">https://riuma.uma.es/rest/oai/request</request><GetRecord><record><header><identifier>oai:riuma.uma.es:10630/36249</identifier><datestamp>2026-02-03T10:58:48Z</datestamp><setSpec>com_10630_2254</setSpec><setSpec>col_10630_37953</setSpec></header><metadata><record xmlns="http://www.loc.gov/MARC21/slim" xmlns:dcterms="http://purl.org/dc/terms/" xmlns:doc="http://www.lyncode.com/xoai" xmlns:xsi="http://www.w3.org/2001/XMLSchema-instance" xsi:schemaLocation="http://www.loc.gov/MARC21/slim http://www.loc.gov/standards/marcxml/schema/MARC21slim.xsd">
   <leader>00925njm 22002777a 4500</leader>
   <datafield ind2=" " ind1=" " tag="042">
      <subfield code="a">dc</subfield>
   </datafield>
   <datafield ind2=" " ind1=" " tag="720">
      <subfield code="a">Martín-Rivera, Lucía</subfield>
      <subfield code="e">author</subfield>
   </datafield>
   <datafield ind2=" " ind1=" " tag="260">
      <subfield code="c">2023</subfield>
   </datafield>
   <datafield ind2=" " ind1=" " tag="520">
      <subfield code="a">El Real Decreto Legislativo 5/2000, de 4 de agosto, por el que se aprueba el Texto Refundido&#xd;
de la Ley sobre Infracciones y Sanciones en el Orden Social, (LISOS) incluye las infracciones en&#xd;
materia de empleo dentro del grupo de las infracciones laborales. Concretamente se tipifican en el&#xd;
Capítulo II, en la sección 3ª del mencionado Texto Refundido. Esta sección 3ª, a su vez se divide&#xd;
en dos subsecciones, que están en función de los potenciales sujetos infractores de la normativa&#xd;
específica en materia de empleo, que la propia LISOS tipifica como sancionables. La primera&#xd;
subsección recoge las infracciones de diferentes sujetos: empresarios, agencias de colocación&#xd;
y entidades de formación o aquellas que asuman la organización de las acciones de formación&#xd;
profesional para el empleo programadas por las empresas y también los beneficiarios de ayudas&#xd;
y subvenciones en materia de empleo y ayudas al fomento del empleo en general. Por su parte,&#xd;
la segunda subsección trata las infracciones de los trabajadores por cuenta ajena y propia. Las&#xd;
infracciones de los sujetos de la primera subsección se encuentran reguladas en los artículos 14,&#xd;
15, y 16 LISOS, graduadas sucesivamente como leves, graves y muy graves; mientras que las de los&#xd;
trabajadores por cuenta ajena y propia se regulan en el art. 17 LISOS, calificadas respectivamente&#xd;
como leves, graves, y muy graves en los apartados 1, 2, y 3.</subfield>
   </datafield>
   <datafield ind1="8" ind2=" " tag="024">
      <subfield code="a">Martín Rivera, L. Infracciones en materia de empleo, en Derecho administrativo sancionador sociolaboral: teoría y práctica / coord. por Pompeyo Gabriel Ortega Lozano  , Lucía Martín Rivera; José Luis Monereo Pérez (dir.)  , María Nieves Moreno Vida (dir.)  , Antonio Márquez Prieto (dir.)  , Francisco Vila Tierno (dir.)  , Laborum, 2023.</subfield>
   </datafield>
   <datafield ind1="8" ind2=" " tag="024">
      <subfield code="a">978-84-19145-43-7</subfield>
   </datafield>
   <datafield ind1="8" ind2=" " tag="024">
      <subfield code="a">https://hdl.handle.net/10630/36249</subfield>
   </datafield>
   <datafield tag="653" ind2=" " ind1=" ">
      <subfield code="a">Derecho laboral</subfield>
   </datafield>
   <datafield ind2="0" ind1="0" tag="245">
      <subfield code="a">Infracciones en materia de empleo.</subfield>
   </datafield>
</record>
</metadata></record></GetRecord></OAI-PMH>